Eastern Utah Libraries Catalog: Duchesne, Heber, Roosevelt, & Vernal

From Up on Poppy Hill (Record no. 409227)

MARC details
000 -LEADER
fixed length control field 01331ngm a22003492a 4500
001 - CONTROL NUMBER
control field on1474779012
003 - CONTROL NUMBER IDENTIFIER
control field MWT
005 - DATE AND TIME OF LATEST TRANSACTION
control field 20250620123215.0
007 - PHYSICAL DESCRIPTION FIXED FIELD--GENERAL INFORMATION
fixed length control field vd cvaizs
008 - FIXED-LENGTH DATA ELEMENTS--GENERAL INFORMATION
fixed length control field 250620s2012 xxu091 j vljpn d
040 ## - CATALOGING SOURCE
Original cataloging agency Midwest
020 ## - INTERNATIONAL STANDARD BOOK NUMBER
International Standard Book Number
Terms of availability $24.99
024 1# - OTHER STANDARD IDENTIFIER
Standard number or code 8859125403195
028 42 - PUBLISHER NUMBER
Publisher number 17507627
245 00 - TITLE STATEMENT
Title From Up on Poppy Hill
Medium [videorecording].
250 ## - EDITION STATEMENT
Edition statement Widescreen ed.
260 ## - PUBLICATION, DISTRIBUTION, ETC. (IMPRINT)
Place of publication, distribution, etc [United States] :
Name of publisher, distributor, etc Boomerang,
Date of publication, distribution, etc 2024.
300 ## - PHYSICAL DESCRIPTION
Extent 1 videodisc (ca. 91 min.) :
Other physical details sd., col. ;
Dimensions 4 3/4 in.
500 ## - GENERAL NOTE
General note 12/19/2024
511 1# - PARTICIPANT OR PERFORMER NOTE
Participant or performer note Sarah Bolger, Chris Noth, Anton Yelchin.
508 ## - CREATION/PRODUCTION CREDITS NOTE
Creation/production credits note Director, Goro Miyazaki.
538 ## - SYSTEM DETAILS NOTE
System details note DVD.
546 ## - LANGUAGE NOTE
Language note Japanese, Thai audio; English, Thai subtitles.
520 ## - SUMMARY, ETC.
Summary, etc A group of Yokohama teens look to save their school's clubhouse from the wrecking ball in preparations for the 1964 Tokyo Olympics. This is the Thai release. It has Japanese and Thai languages, as well as English subtitles. It is region All and will play in North American players.
650 #4 - SUBJECT ADDED ENTRY--TOPICAL TERM
Topical term or geographic name as entry element Children's films.
650 #4 - SUBJECT ADDED ENTRY--TOPICAL TERM
Topical term or geographic name as entry element Anime 12 & Under.
9 (RLIN) 6546598
655 #4 - INDEX TERM--GENRE/FORM
Genre/form data or focus term Children's.
700 1# - ADDED ENTRY--PERSONAL NAME
Personal name Bolger, Sarah
9 (RLIN) 6491758
700 1# - ADDED ENTRY--PERSONAL NAME
Personal name Noth, Chris
9 (RLIN) 6546712
700 1# - ADDED ENTRY--PERSONAL NAME
Personal name Yelchin, Anton
9 (RLIN) 67798
856 7# - ELECTRONIC LOCATION AND ACCESS
Materials specified View cover art
Uniform Resource Identifier <a href="https://thumbnail.midwesttape.com/17507627_180.jpg">https://thumbnail.midwesttape.com/17507627_180.jpg</a>
Access method https
Holdings
Withdrawn status Lost status Source of classification or shelving scheme Damaged status Not for loan Collection code Home library Current library Shelving location Date acquired Source of acquisition Total Checkouts Total Renewals Full call number Barcode Date last seen Date checked out Cost, replacement price Price effective from Koha item type
    Dewey Decimal Classification     Movies Wasatch County Library Wasatch County Library Audio Visual Area 08/04/2025 Midwest Tape 5 8 Movie From up on Poppy Hill 34301002163220 12/12/2025 11/06/2025 24.99 08/04/2025 DVD
This project was made possible through a grant from the Institute of Museum and Library Service administered by the Utah State Library Division.

Wasatch County Library

  • 465 East 1200 South, Heber City, Utah 84032
  • Phone 435-654-1511 | Fax 435-654-6456

Hours

  • Monday - Friday 9:30 AM - 8:00 PM
  • Saturday 9:30 AM - 1:30 PM
  • Closed Sundays and Holidays